000 01680cam a22002895a 4500
001 17145682
005 20150527122228.0
008 120202t2012 fluadk frb 001 0 eng d
020 _a9781439868874 (hardback)
040 _aDLC
_cDLC
_dDLC
_dEG-ScBUE
082 0 0 _a363.702
_222
_bTHE
100 1 _aTheodore, Louis.
_936768
245 1 0 _aEnvironmental health and hazard risk assessment :
_bprinciples and calculations /
_cLouis Theodore and R. Ryan Dupont.
260 _aBoca Raton :
_bCRC Press / Taylor & Francis Group,
_cc.2012.
300 _axxiv, 612 p. :
_bcharts, forms, tables ;
_c24 cm.
500 _aIndex : p.593-612.
504 _aIncludes bibliographical references.
520 _a"With the rise and expansion of the chemical and petroleum industries, so has there been a rise and expansion in related human health problems as well as human, material, and property losses due to fires, explosions, hazardous and toxic spills, equipment failures, and other accidents. This much-needed overview examines the fundamentals of health, safety, and accident management. It draws parallels between theoretical and real-world environmental problems as they relate to both human and environmental risk and offers in-depth guidance on human chemical exposure, emergency preparedness and response, environmental regulations, and much more"--
650 0 _aHealth risk assessment.
_2BUEsh
_931739
650 0 _aEnvironmental health.
_2BUEsh
650 0 _aHazardous substances
_xRisk assessment.
_2BUEsh
650 0 _aEnvironmental risk assessment.
_2BUEsh
_911942
653 _bENGGEN
_cMay2015
655 _vreading book
_934232
700 1 _aDupont, R. Ryan.
942 _2ddc
999 _c19463
_d19435